000 00285nam a2200109Ia 4500
008 220204s9999 xx 000 0 und d
082 _a355
_bBHA
100 _aBhargava, G S
245 0 _aTheir finest hour: Saga of India's December victory
260 _aDelhi
_bVikas
_c1972
942 _cBK
999 _c28867
_d28867